000 00601nam a22001937a 4500
005 20251108164958.0
008 250721s1995 xx 000 0 ara d
082 1 4 _a214.1/قطب
100 1 _aقطب، سيد
245 1 0 _aإثبات وجود الله في كتاب في ظلال القرآن /
264 1 _aبيروت :
_bدار الجيل،
_c1995.
300 _a374ص.
650 1 7 _aالإسلام
650 1 7 _aأصول الدين الإسلامي
650 1 7 _aالتوحيد
700 1 _aمحمد، حسان عبد المنان
_eعلق عليه
942 _2ddc
_cBK
999 _c18923
_d18923